000 00890nam a2200253Ia 4500
003 OSt
005 20220923214931.0
006 a|||||r|||| 00| 0
007 ta
008 220922b |||||||| |||| 00| 0 hin d
024 _a173,940
037 _cTextual
040 _aARTS
_cARTS
_bhin
041 _2hin
_ahin
082 _aO152,6M95:g, L3
100 _aसहगल, जनक दुलारी
245 0 _aराहुल जी का जीवनी यात्रा साहित्य
246 _aRāhul jī kā jīvanī yātrā sāhitya
260 _aदिल्ली
_b चिल्ड्रन बुक सोसाईटी
_c1973
300 _a132पृ.
_ccm.
650 _aहिन्दी साहित्य
_9156264
942 _hO152,6M95:g, L3
_cTEXL
_2CC
999 _c327764
_d327764